| 000 | 01147nam a22003377a 4500 | ||
|---|---|---|---|
| 001 | 000687 | ||
| 003 | DO-SdBPM | ||
| 005 | 20260303115756.0 | ||
| 007 | ta | ||
| 008 | 161111b2009 sp a ||||| |||| 00| 0 spa d | ||
| 020 | _a9681910265 | ||
| 040 |
_a DO-SdBPM _bspa _cBPMSU _erda |
||
| 082 | 0 | 4 |
_a823.91 _b C951c 2007 _222 |
| 100 | 1 |
_aCross, Gillian _d1945- _eautor _4aut. |
|
| 245 | 1 | 3 |
_aLa cabaña en el árbol / _cGillian Cross ; traducción de Herminia Bevia ; ilustraciones de Paul Howard. |
| 264 |
_aMadrid : _bAlfaguara, _c2009. |
||
| 300 |
_a107 páginas : _bilustraciones ; _c19 cm. |
||
| 336 |
_atexto _btxt _2rdacontant |
||
| 337 |
_asin mediación _bn _2rdamedia |
||
| 338 |
_avolumen _bnc _2rdacarrier |
||
| 490 | 0 | _aAlfaguara infantil | |
| 500 | _aPara niños a partir de los 8 años. | ||
| 500 | _aTraducción de: The Tree house. | ||
| 590 | _aInventariado, 2026/VM | ||
| 650 | 7 |
_aCuentos infantiles ingleses _2 |
|
| 650 | 7 | _aLiteratura infantil inglesa | |
| 700 | 1 |
_aHoward, Paul, _eilustraciones |
|
| 700 | 1 |
_aBevia, Herminia, _etraductor |
|
| 910 | _aVMateo V. Control de calidad. BPMSU | ||
| 942 |
_2ddc _cBK |
||
| 999 |
_c11916 _d11916 |
||